Athletes by Photograph #2 - Statistics

General Stats
  • This quiz has been taken 80 times
  • The average score is 6 of 16
Answer Stats
Picture Answer % Correct
Rafael Nadal
88%
Lionel Messi
83%
Tiger Woods
83%
Novak Djokovic
69%
Kevin Durant
58%
Mike Trout
41%
Jesse Owens
29%
Michael Johnson
20%
Angelique Kerber
19%
Olga Korbut
14%
Imran Khan
12%
Carolina Marín
8%
Sachin Tendulkar
8%
Sania Mirza
8%
Ada Hegerberg
5%
Donald Bradman
5%
No matching quizzes found
Score Distribution
Percent of People with Each Score
Percentile by Number Answered
Your Score History
You have not taken this quiz